| 000 | 00696nam a22002057a 4500 | ||
|---|---|---|---|
| 999 |
_c20727 _d20727 |
||
| 003 | AR-CdUCM | ||
| 008 | 190403b ||||| |||| 00| 0 spa d | ||
| 040 |
_aMUNICIPALIDAD PROVINCIAL DEL CUSCO _cBIBLIOTECA MUNICIPAL DEL CUSCO |
||
| 082 |
_a927.8 / _bB32 |
||
| 100 |
_aBarroso, Mateo H. _943290 |
||
| 245 |
_aLa IX sinfonía de Beethoven : _bEnsayo de crítica y estética / |
||
| 260 |
_aMadrid : _bTipografía moderna, _c1927. |
||
| 300 |
_a223 páginas ; _c19 cm. |
||
| 500 | _a[libro reempastado] | ||
| 505 | _aContenido : Beethoven: boceto de la vida y la obra -- La IX sinfonía. | ||
| 650 |
_aSinfonías _913951 |
||
| 650 |
_aBeethoven _928533 |
||
| 942 |
_2ddc _cLIBROS |
||
| 945 | _aAndy | ||